| 000 | 00454pab a2200169 454500 | ||
|---|---|---|---|
| 008 | 180718b2005-2006 xxu||||| |||| 00| 0 eng d | ||
| 100 | _aGupta, K.C. | ||
| 245 | _aEffectiveness of training in the banking sector: a case study | ||
| 260 | _c2005-2006 | ||
| 300 | _ap.56-68. | ||
| 362 | _aOct-Mar | ||
| 650 | _aBanks - Case studies | ||
| 650 | _aTraining | ||
| 700 | _aSingh, Tej | ||
| 773 | _aJournal of Accounting and Finance | ||
| 909 | _a69642 | ||
| 999 |
_c69642 _d69642 |
||